|
|
|
|
| LEADER |
00000cam a2200000 a 4500 |
| 001 |
vtls008323225 |
| 003 |
SK-MaSNL |
| 005 |
20260302084905.0 |
| 008 |
240314s1973 xo dkal p 000 0 slo |
| 015 |
|
|
|a SNBA1974/01-00125
|
| 035 |
|
|
|a SK01SNK19740015442
|
| 035 |
|
|
|a SKM000017905
|
| 040 |
|
|
|a SNK
|b slo
|c SNK
|e AACR2
|
| 041 |
|
|
|a slo
|
| 044 |
|
|
|a xo
|c SK
|
| 072 |
|
7 |
|a 621
|x Strojárstvo
|2 konspekt
|
| 080 |
|
|
|a 621:338.45
|2 2011
|
| 080 |
|
|
|a 621
|2 2011
|
| 080 |
|
|
|a 005
|2 2011
|
| 080 |
|
|
|a 658.5
|2 2011
|
| 080 |
|
|
|a 658
|2 2011
|
| 080 |
|
|
|a (075.8)
|2 2011
|
| 100 |
1 |
|
|a Rybár, Andrej
|4 aut
|9 279645
|
| 245 |
1 |
0 |
|a Organizácia a riadenie strojárskej výroby
|c Andrej Rybár
|
| 250 |
|
|
|a 2. vyd.
|
| 260 |
|
|
|a Bratislava
|b Alfa
|a Košice
|b Vysoká škola technická v Košiciach, Strojnícka fakulta
|c 1973
|e Bratislava
|f Západoslovenské tlačiarne
|
| 300 |
|
|
|a 488, [1] s.
|b diag., foto., grafy, sch., tab.
|c 29 cm
|
| 366 |
|
|
|e 200 výt.
|
| 490 |
1 |
|
|a Dočasné vysokoškolské učebnice
|
| 500 |
|
|
|a Brož.
|
| 504 |
|
|
|a Bibliogr. na s. 482-484
|
| 650 |
0 |
7 |
|a strojárska výroba
|2 SNKPH
|9 66917
|
| 650 |
0 |
7 |
|a strojárstvo
|2 SNKPH
|9 674
|
| 650 |
0 |
7 |
|a manažment
|2 SNKPH
|9 922
|
| 650 |
0 |
7 |
|a manažment výroby
|2 SNKPH
|9 933
|
| 650 |
0 |
7 |
|a podnikový manažment
|2 SNKPH
|9 3483
|
| 650 |
0 |
7 |
|a Engineering production
|2 SNKPHeng
|9 280200
|
| 650 |
0 |
7 |
|a Mechanical engineering
|2 SNKPHeng
|9 275771
|
| 650 |
0 |
7 |
|a Management
|2 SNKPHeng
|9 265406
|
| 650 |
0 |
7 |
|a Production management
|2 SNKPHeng
|9 94117
|
| 650 |
0 |
7 |
|a Industrial management
|2 SNKPHeng
|9 265455
|
| 655 |
|
7 |
|a učebnice vysokých škôl
|2 SNKPH
|9 70191
|
| 655 |
|
7 |
|a Textbooks (higher)
|2 SNKPHeng
|9 276436
|
| 830 |
|
0 |
|a Dočasné vysokoškolské učebnice
|9 278602
|
| 852 |
|
|
|a Štátna vedecká knižnica Banská Bystrica
|
| 958 |
|
|
|a OND
|
| 958 |
|
|
|a RM
|
| 958 |
|
|
|a RK
|
| 958 |
|
|
|a NB
|
| 958 |
|
|
|a UV
|
| 999 |
|
|
|c 1189709
|d 1191639
|
| 952 |
|
|
|a SNK
|b SNK
|y PREZ
|7 0
|p 17A0901318
|o snkSB 20366
|0 0
|1 0
|4 0
|d 2012-07-24
|f 1
|l 0
|r 2025-03-25 00:00:00
|w 2026-02-24
|
| 952 |
|
|
|t P60, <04>, [BOOK], {604}
|a SNK
|b SNK
|y VYP
|7 0
|p 17A0440138
|o snkSB 20366 D2
|i snkD 2628/76
|0 0
|1 0
|4 0
|d 1998-07-06
|l 0
|r 2005-01-02 00:00:00
|w 2026-02-24
|